La eucaristía hacia el amor de los amores: culto, comunión y conmemoración

Spremljeno u:
Bibliografski detalji
Glavni autor: Guernica, Juan de (Autor)
Format: Knjiga
Jezik:španjolski
Izdano: Santiago Progreso 1937
Izdanje:1a. ed
Teme:
Oznake: Dodaj oznaku
Bez oznaka, Budi prvi tko označuje ovaj zapis!

MARC

LEADER 00000cam a2200000 a 4500
001 UCD0728
003 CL-VaPUC
008 151210e19370000cl |||||||||||||||||spa|d
082 0 4 |a 234.163  |b GUE  |2 21 
100 |a Guernica, Juan de  |e author  |9 584824 
245 1 3 |a La eucaristía hacia el amor de los amores: culto, comunión y conmemoración 
250 |a 1a. ed 
300 |a 199 p 
942 |c BK 
945 |d 20151210 22:58:00  |a gsalatino 
260 |a Santiago  |b Progreso  |c 1937 
650 0 |a Eucaristía  |9 257336 
650 0 |a Sagrada Comunión   |9 397959 
650 0 |a Rituales  |9 349198 
650 0 |a Ceremonias  |9 337653 
583 |a last modification  |c 20180123 06:43:21  |k Rodrigo Vera 
999 |c 362190  |d 362188 
952 |0 0  |1 0  |3 erb  |4 0  |6 234_163000000000000_GUE_1937  |7 0  |8 P  |9 473148  |a BIBTEO  |b BIBTES  |c TEO_FTES  |i 5273099  |o 234.163 GUE 1937  |p 5273099  |r 2024-01-18  |w 2019-11-24  |y BK  |z Catalogado en:20151210  |k ICR 
952 |0 0  |1 0  |3 erb  |4 0  |6 234_163000000000000_GUE_1937  |7 0  |8 P  |9 473149  |a BIBTEO  |b BIBTES  |c TEO_FTES  |i 5273102  |o 234.163 GUE 1937  |p 5273102  |r 2024-01-18  |w 2019-11-24  |y BK  |z Catalogado en:20151210  |k ICR